000 00640nam a2200205Ia 4500
003 GCL
008 140319s9999 xx 000 0 ara d
020 _a6325208977
040 _aGCL /
_cGCL
082 0 4 _a301.412
_bن ق
100 1 _aنوال السعداوى
245 1 0 _aقضايا المرأة والفكر والسياسة /
_cنوال السعداوى
250 _aالاولى
260 _aالقاهرة :
_bمكتبة مدبولى ،
_c2001
300 _a432 ص ؛
_c24 سم
650 0 4 _aالمرأة
650 0 4 _aالمرأة العربية
650 0 4 _aالمرأة - احوال اجتماعية
942 _2ddc
_cBK
999 _c5505
_d5505